书目信息 |
| 题名: |
公路工程施工监理
|
|
| 作者: | 张晓强 主编 | |
| 分册: | ||
| 出版信息: | 郑州 黄河水利出版社 2000.07 |
|
| 页数: | 256页 | |
| 开本: | 32开 | |
| 丛书名: | ||
| 单 册: | ||
| 中图分类: | U415.2 | |
| 科图分类: | ||
| 主题词: | 道路工程 | |
| 电子资源: | ||
| ISBN: | 7-80621-429-1 | |
| 000 | 00562nam0 2200193 45 | |
| 001 | 0012041140 | |
| 005 | 20001204111406.6 | |
| 010 | @a7-80621-429-1@d32.00元 | |
| 100 | @a20001204d2000 km y0chiy0120 ea | |
| 101 | 0 | @achi |
| 105 | @a z 000yy | |
| 200 | 1 | @a公路工程施工监理@AGong Lu Gong Cheng Shi Gong Jian Li@f张晓强主编@FZhang Xiao Qiang Zhu Bian |
| 210 | @a郑州@c黄河水利出版社@d2000.07 | |
| 215 | @a256页@d32开 | |
| 606 | 0 | @a道路工程 |
| 690 | @aU415.2@v3 | |
| 701 | 0 | @a张晓强@4主编 |
| 801 | @aCN@bPftUser@c20001204 | |
| 905 | @b512944@dU415.2@eZH694@f1 | |
| 公路工程施工监理/张晓强主编.-郑州:黄河水利出版社,2000.07 |
| 256页;32开 |
| ISBN 7-80621-429-1:32.00元 |
| ● |
| 相关链接 |
|
|
|
正题名:公路工程施工监理
索取号:U415.2/ZH694
 
预约/预借
| 序号 | 登录号 | 条形码 | 馆藏地/架位号 | 状态 | 备注 |
| 1 | 512944 | 205129449 | 自科库501/501自科库 52排4列4层/ [索取号:U415.2/ZH694] | 在馆 |